000 02259cam a22003854a 4500
001 13890916
005 20060829170244.0
008 050307s2006 njua b 001 0 eng
010 _a 2005045881
020 _a0131869779
035 _a(OCoLC)ocm58478437
040 _aDLC
_cDLC
_dYDX
_dBAKER
_dNLGGC
_dDLC
042 _apcc
050 0 0 _aTA168
_b.B58 2006
082 0 0 _a620.0011
_222
_bBLA
100 1 _aBlanchard, Benjamin S.
_918645
245 1 0 _aSystems Engineering and Analysis /
_cBenjamin S. Blanchard, Wolter J. Fabrycky.
250 _a4th ed.
260 _aUpper Saddle River, N.J. :
_bPearson Prentice Hall,
_cc2006.
300 _axii, 804 p. :
_bill. ;
_c25 cm.
490 _93797
_aPrentice-Hall international series in industrial and systems engineering
500 _aDistributer: Baccah.
504 _aIncludes bibliographical references (p. 774-787) and index.
650 0 _aSystems engineering.
_918646
650 0 _aSystem analysis.
_918647
700 1 _aFabrycky, W. J.
_q(Wolter J.),
_d1932-
_918648
942 _2ddc
_cBB
999 _c10214
_d10214